| 000 | 01030naa a22002777a 4500 | ||
|---|---|---|---|
| 001 | BR8801802 | ||
| 003 | BR-BrBNA | ||
| 005 | 20240918175958.0 | ||
| 007 | ta | ||
| 008 | 230509b bl.||||| |||| 00| 0 por d | ||
| 040 |
_aBR-BrBNA _bpor _cBiblioteca Nacional de Agricultura |
||
| 041 | _a(Pt) | ||
| 072 |
_aE80; C20 _b/G514 |
||
| 090 | _aE80 BR8801802 | ||
| 100 | 1 | _aFonseca, M.C. da | |
| 111 | 1 |
_a8. Congresso Brasileiro de Economia Domestica _cRecife, PE (Brazil) _d22-26 Jul 1985 |
|
| 245 | 1 | _aO ensino de economia domestica no 1. grau (municipio do Rio de Janeiro) | |
| 260 | 3 |
_aRecife, PE (Brasil): _c1985. |
|
| 500 | _aAnais do 8. Congresso Brasileiro de Economia Domestica Recife, PE (Brasil): 1985. p. 150-151 (BR8801802-AM)E80 | ||
| 650 | _aECONOMIA DOMESTICA | ||
| 650 | _aENSINO PRIMARIO | ||
| 650 | _aRIO DE JANEIRO | ||
| 773 | 0 |
_tAnais do 8. Congresso Brasileiro de Economia Domestica _wE80 BR8801802 _gRecife, PE (Brasil), 1985. p. 150-151 |
|
| 909 |
_a202404 _bLucia _c55 _dLucia Elande |
||
| 942 |
_cAM _2AGRIS |
||
| 999 |
_c319085 _d319085 |
||